| 000 | 00627nam a2200205 u 4500 | ||
|---|---|---|---|
| 005 | 20240223063621.0 | ||
| 008 | 080408s2006 ve r 000 0 spa d | ||
| 020 | _a9800114068 | ||
| 035 | _aUPN01000155317 | ||
| 049 | _aI | ||
| 050 | 4 |
_aPZ46.3 _bV3.9 |
|
| 100 | 1 |
_aVannini de Gerulewicz, Marisa, _d1929- |
|
| 245 | 1 | 3 |
_aEl zamuro barbero / _cMarisa Vannini ; il. de Idana RodrÃguez. |
| 260 |
_aCaracas : _bMonte Avila, _c2006. |
||
| 300 |
_a21 p. : _bil. col. |
||
| 440 | 0 |
_aPrimera dimensión. _pRoja |
|
| 650 | 0 |
_aAnimales _vCuentos y leyendas _9234 |
|
| 650 | 4 |
_aCuentos infantiles italianos _97373 |
|
| 905 | _aInfantil | ||
| 999 |
_c127432 _d127432 |
||